BIBLIOTECA PODER JUDICIAL
Portal Judicial TDF

El caso "Chocobar" y la posibilidad de una segunda condena por un mismo hecho. Las implicancias de un reenvío a instancias de la querella / (Registro nro. 5495)

000 -LEADER
fixed length control field 01520nab a22002657a 4500
003 - CONTROL NUMBER IDENTIFIER
control field OSt
005 - DATE AND TIME OF LATEST TRANSACTION
control field 20251209134757.0
008 - FIXED-LENGTH DATA ELEMENTS--GENERAL INFORMATION
fixed length control field 190502c xxu||||| |||| 00| 0 spa d
040 ## - CATALOGING SOURCE
Transcribing agency PJ
100 ## - MAIN ENTRY--PERSONAL NAME
9 (RLIN) 6481
Personal name Founburg, Mariano Nicolás
245 13 - TITLE STATEMENT
Title El caso "Chocobar" y la posibilidad de una segunda condena por un mismo hecho. Las implicancias de un reenvío a instancias de la querella /
Statement of responsibility, etc Mariano Nicolás Founburg.
260 ## - PUBLICATION, DISTRIBUTION, ETC. (IMPRINT)
Place of publication, distribution, etc Ciudad Autónoma de Buenos Aires :
Name of publisher, distributor, etc Thomson Reuters La Ley,
Date of publication, distribution, etc 2025.
300 ## - PHYSICAL DESCRIPTION
Extent p. 64-72
500 ## - GENERAL NOTE
General note Cita Online: AR/DOC/2684/2024.
505 ## - FORMATTED CONTENTS NOTE
Formatted contents note Sumario: I. Reseña del caso.— II. Tensiones entre derechos y garantías de los imputados y derechos de las víctimas.— III. El reenvío como un juicio sin fin.— IV. Las consecuencias prácticas del reenvío.— V. Consideraciones finales respecto del caso "Chocobar". El recurso del querellante y la absolución como único remedio.<br/><br/>
505 ## - FORMATTED CONTENTS NOTE
Title Fallo comentado: CNCasCrim. y Correc., sala II ~ 06/05/2024 ~ Chocobar, Luis Oscar y otro s/ recurso de casación.
505 ## - FORMATTED CONTENTS NOTE
Title ¿Te interesa el texto completo? Solicitalo al correo: koha@justierradelfuego.gov.ar
650 #0 - SUBJECT ADDED ENTRY--TOPICAL TERM
9 (RLIN) 343
Topical term or geographic name as entry element DERECHO PENAL
650 #0 - SUBJECT ADDED ENTRY--TOPICAL TERM
9 (RLIN) 2913
Topical term or geographic name as entry element HOMICIDIO
650 #0 - SUBJECT ADDED ENTRY--TOPICAL TERM
9 (RLIN) 4885
Topical term or geographic name as entry element DERECHOS DE LA VÍCTIMA
650 #0 - SUBJECT ADDED ENTRY--TOPICAL TERM
9 (RLIN) 6486
Topical term or geographic name as entry element CUMPLIMIENTO DE UN DEBER
650 #0 - SUBJECT ADDED ENTRY--TOPICAL TERM
9 (RLIN) 1974
Topical term or geographic name as entry element DERECHOS DEL IMPUTADO
773 0# - HOST ITEM ENTRY
Host Biblionumber 2729
Host Itemnumber 3180
Place, publisher, and date of publication Buenos Aires : LexisNexis, 2006-
Title Revista de derecho penal y procesal penal. Nº 2 - Febrero 2025
International Standard Book Number 9875920622
942 ## - ADDED ENTRY ELEMENTS (KOHA)
Source of classification or shelving scheme
Koha item type Analítica Artículo de Revista

No hay ítems disponibles.

12 de Octubre 789 Ushuaia - Tel:  54(02901)441571
Horario de Atención: 8.00 a 17.00 hs. 
bibliotecaush@justierradelfuego.gov.ar
koha@justierradelfuego.gov.ar
Seguinos en nuestras redes @bibliojustdf 

Con tecnología Koha